00448nam a22001692 4500001001100000005001700011008004100028020001700069040001500086100003300101245004300134250001300177260003300190300001500223600003700238852000300275000001296420151217155854.0090514s xx 000 0 eng d a9966951032 : aKABUcKABU1 aNdua, Elizabeth.@000015676310aMekatilili wa Menza /cElizabeth Ndua. a1st ed. aNairobi :bSasa Sema,c2000. axi, 79 p.10aMekatilili wa Menza.@00001700041